<?xml version="1.0" encoding="UTF-8"?>
<record
    xmlns:xsi="http://www.w3.org/2001/XMLSchema-instance"
    xsi:schemaLocation="http://www.loc.gov/MARC21/slim http://www.loc.gov/standards/marcxml/schema/MARC21slim.xsd"
    xmlns="http://www.loc.gov/MARC21/slim">

  <leader>01103nam a2200217 a 4500</leader>
  <controlfield tag="005">20241028095620.0</controlfield>
  <controlfield tag="008">100630t1999||||sp  |||g      p 1p0dspa d</controlfield>
  <datafield tag="020" ind1=" " ind2=" ">
    <subfield code="a">9500416689</subfield>
  </datafield>
  <datafield tag="041" ind1=" " ind2=" ">
    <subfield code="a">spa</subfield>
  </datafield>
  <datafield tag="092" ind1=" " ind2=" ">
    <subfield code="c">808</subfield>
    <subfield code="l">78</subfield>
    <subfield code="s">SHE</subfield>
  </datafield>
  <datafield tag="100" ind1="1" ind2=" ">
    <subfield code="a">Sheldon, Sidney</subfield>
    <subfield code="9">3940</subfield>
  </datafield>
  <datafield tag="245" ind1=" " ind2="3">
    <subfield code="a">La conspiraci&#xF3;n del juicio final /</subfield>
    <subfield code="c">Sidney Sheldon</subfield>
  </datafield>
  <datafield tag="250" ind1=" " ind2=" ">
    <subfield code="a">1a ed.</subfield>
    <subfield code="b">Traducci&#xF3;n Nora Watson</subfield>
  </datafield>
  <datafield tag="260" ind1=" " ind2=" ">
    <subfield code="a">Buenos Aires: </subfield>
    <subfield code="b">Emec&#xE9;;</subfield>
    <subfield code="c">1999.</subfield>
  </datafield>
  <datafield tag="300" ind1=" " ind2=" ">
    <subfield code="a">397 p.</subfield>
  </datafield>
  <datafield tag="500" ind1=" " ind2=" ">
    <subfield code="a">Sheldon, S. (1994). La conspiraci&#xF3;n del juicio final. (1a ed.). Buenos Aires : Emec&#xE9;.</subfield>
  </datafield>
  <datafield tag="505" ind1=" " ind2=" ">
    <subfield code="a">Un oficial naval es designado para investigar el accidente de un globo meteorol&#xF3;gico en los Alpes suizos. La investigaci&#xF3;n se convertir&#xE1; en un aterrador viaje hacia lo insondable, mientras la mujer que ama no puede corresponderle y sus amigos se vuelven enemigos mortales. Con la habilidad que lo caracteriza, Sheldon ha creado una novela de acci&#xF3;n sin respiro que es, a la vez, una conmovedora historia de amor. </subfield>
  </datafield>
  <datafield tag="590" ind1=" " ind2=" ">
    <subfield code="a">Proyecto 4to Libro. Donaci&#xF3;n Victoria Lara, Mayo 2018.</subfield>
  </datafield>
  <datafield tag="655" ind1=" " ind2=" ">
    <subfield code="a">Literatura</subfield>
    <subfield code="9">2917</subfield>
  </datafield>
  <datafield tag="942" ind1=" " ind2=" ">
    <subfield code="2">lcc</subfield>
    <subfield code="c">LIT</subfield>
  </datafield>
  <datafield tag="999" ind1=" " ind2=" ">
    <subfield code="c">2802</subfield>
    <subfield code="d">2802</subfield>
  </datafield>
  <datafield tag="952" ind1=" " ind2=" ">
    <subfield code="0">0</subfield>
    <subfield code="1">0</subfield>
    <subfield code="2">ddc</subfield>
    <subfield code="4">0</subfield>
    <subfield code="7">0</subfield>
    <subfield code="a">BFM</subfield>
    <subfield code="b">BFM</subfield>
    <subfield code="c">CR</subfield>
    <subfield code="d">2018-05-28</subfield>
    <subfield code="e">Donaci&#xF3;n Victoria Lara, mayo 2018</subfield>
    <subfield code="l">0</subfield>
    <subfield code="o">808 78 SHE</subfield>
    <subfield code="p">4322</subfield>
    <subfield code="r">2018-05-28</subfield>
    <subfield code="t">Ej. 1</subfield>
    <subfield code="w">2018-05-28</subfield>
    <subfield code="y">LIT</subfield>
    <subfield code="z">Proyecto 4to libro. Donaci&#xF3;n Victoria Lara, mayo 2018</subfield>
  </datafield>
</record>
